Modelovanie a riadenie chemickotechnologických procesov a systémov /

Salvato in:
Dettagli Bibliografici
Autore principale: Chmúrny, Daniel (xxx)
Natura: Libro
Lingua:slovacco
Pubblicazione: Bratislava : Alfa, 1985
Edizione:1.vyd.
Soggetti:
Tags: Aggiungi Tag
Nessun Tag, puoi essere il primo ad aggiungerne!!

MARC

LEADER 00000nam a22000003a 4500
001 stu39474
005 20150617225721.7
008 930127s1985----cs------------------slo-d
040 |a STU  |b slo 
041 0 |a slo 
044 |a cs 
080 |a 66.012.-52 
100 1 |a Chmúrny, Daniel  |4 xxx 
245 1 |a Modelovanie a riadenie chemickotechnologických procesov a systémov /  |c Daniel Chmúrny a kol 
250 |a 1.vyd. 
260 |a Bratislava :  |b Alfa,  |c 1985 
300 |a 364 s 
650 7 |a Systémy chemickotechnologické  |2 stusub 
650 7 |a modelovanie a riadenie  |2 stusub 
650 7 |a Inžiniertsvo chemické  |2 stusub 
650 7 |a otázky ekonomické  |2 stusub 
996 |b 284M035686  |c M*2117-1  |l MMKN  |s A  |a 24  |w stu39474_0001 
996 |b E57120  |c E*57120  |l EE05  |s P  |a 0  |w stu39474_0002